| 000 | 01266nam0a22002771 4500 | ||
|---|---|---|---|
| 001 | rc\2124237 | ||
| 005 | 20250623091405.0 | ||
| 035 | _a(NLR Aleph) 006698577 | ||
| 090 |
_a5220162 _c5220162 |
||
| 100 | _a20110829d1978 |||y0rusy50 ca | ||
| 101 | 0 | _arus | |
| 102 | _aRU | ||
| 105 | _ay c ||||| | ||
| 200 | 1 |
_aУказатель нормативно-технической документации, действующей в МЖКХ Украинской ССР _e(По состоянию на 01.01.79) _f[Сост. А.Н. Балабанов] |
|
| 210 |
_aКиев _cНИКТИГХ _d1978 |
||
| 215 |
_a17 с. _d19 |
||
| 300 | _aВ надзаг.: Н.-и. и конструкт.-технол. ин-т гор. хоз-ва | ||
| 606 |
_aКоммунальное хозяйство _jУказатели _xНормативные и руководящие материалы _2psbo |
||
| 606 |
_aЖилищное хозяйство _jУказатели _xНормативные и руководящие материалы _2psbo |
||
| 700 | 1 |
_aБалабанов _bА.Н. _gАнатолий Николаевич |
|
| 801 | 0 |
_aRU _bNLR _gpsbo |
|
| 801 | 1 |
_aRU _bELAR _2rusmarc |
|
| 852 |
_aNLR _jПт 10.1/926-1979 |
||
| 899 |
_aRuMoRGB _jM 79-7/20 |
||
| 942 | _cBOOK | ||
| 980 | _aNB | ||